[Event "San Francisco TNM Summer op"]
[Site "San Francisco"]
[Date "2011.06.21"]
[Round "5"]
[White "Grey, Peter G"]
[Black "Abraham, Renjish"]
[Result "1/2-1/2"]
[WhiteElo "2006"]
[BlackElo "1835"]
[PlyCount "110"]
[EventDate "2011.05.24"]
[EventType "swiss"]
[EventRounds "8"]
[EventCountry "USA"]
[SourceTitle "EXT 2016"]
[Source "ChessBase"]
[SourceDate "2015.10.08"]
[SourceVersion "1"]
[SourceVersionDate "2015.10.08"]
[SourceQuality "1"]

1. e4 c5 2. Nf3 d6 3. d4 cxd4 4. Nxd4 Nf6 5. Nc3 g6 6. Be3 Bg7 7. f3 Nc6 8. Qd2 Bd7 9. Bc4 a6 10. Bb3 Rc8 11. 0-0-0 h5 12. Rhe1 Qa5 13. Kb1 0-0 14. Nd5 Qxd2 15. Rxd2 Nxd5 16. exd5 Ne5 17. Bg1 Bf6 18. c3 Rfe8 19. f4 Nc4 20. Bxc4 Rxc4 21. Kc2 Rec8 22. Kd3 Kf8 23. Ke3 b5 24. a3 e5 25. dxe6 fxe6 26. Kf3 e5 27. fxe5 Bg4+ 28. Kf2 Bxe5 29. Nf3 Bxf3 30. gxf3 Kg7 31. Re4 Rxe4 32. fxe4 Rf8+ 33. Kg2 Rf4 34. Re2 Rh4 35. h3 Kf6 36. Bf2 Rf4 37. Bg3 Kg5 38. Bxf4+ Kxf4 39. Kf2 g5 40. Re3 g4 41. hxg4 hxg4 42. Re1 Bf6 43. Kg2 Be5 44. Re2 Bg7 45. Rf2+ Kxe4 46. Kg3 Be5+ 47. Kxg4 Kd3 48. Kf5 Kc4 49. Ke6 a5 50. Re2 Kd3 51. Rg2 Kc4 52. Kf5 Kb3 53. Ke4 b4 54. axb4 axb4 55. cxb4 Kxb4 1/2-1/2

[Event "San Francisco TNM Summer op"]
[Site "San Francisco"]
[Date "2011.06.07"]
[Round "3"]
[White "Abraham, Renjish"]
[Black "Eytan, David"]
[Result "1-0"]
[WhiteElo "1835"]
[BlackElo "1608"]
[PlyCount "87"]
[EventDate "2011.05.24"]
[EventType "swiss"]
[EventRounds "8"]
[EventCountry "USA"]
[SourceTitle "EXT 2016"]
[Source "ChessBase"]
[SourceDate "2015.10.08"]
[SourceVersion "1"]
[SourceVersionDate "2015.10.08"]
[SourceQuality "1"]

1. d4 f5 2. c4 Nf6 3. Nc3 e6 4. g3 Bb4 5. Bg2 Bxc3+ 6. bxc3 0-0 7. Nf3 Nc6 8. 0-0 Ne7 9. Ba3 d6 10. Qd3 Ng6 11. e3 c6 12. Rfd1 Ne4 13. Nd2 Nxd2 14. Rxd2 Rf6 15. f4 Ne7 16. e4 Rh6 17. Re1 fxe4 18. Bxe4 Nf5 19. d5 Qb6+ 20. Kg2 Nxg3 21. hxg3 exd5 22. cxd5 Bh3+ 23. Kf3 c5 24. c4 Qc7 25. Kf2 Rf8 26. Kg1 Qd7 27. Rh2 Qg4 28. Bc1 Qd7 29. Ree2 Rff6 30. Ref2 Qg4 31. Bg2 Rf5 32. Rxh3 Rxh3 33. Bxh3 Qxh3 34. Rh2 Qg4 35. Rh4 Qg6 36. Kh2 h6 37. Qe4 Rf6 38. Qxg6 Rxg6 39. Rh5 Kf7 40. Rf5+ Ke7 41. Bb2 a6 42. a4 Rg4 43. Kh3 Rg6 44. Kh4 1-0